01198nab a22002657a 4500999001500000003000400015005001700019008004100036040000700077100002900084245015000113260007300263300001300336500007300349505008400422505008900506650003500595650004400630650002300674650003100697650003700728650001400765773014000779942001300919 c6331d6331OSt20260130205717.0190603e xxum|||| |||| 00| 0 spa d cPJ 96455aLinovich, Jonathan10aJurisprudencia destacada en "Impacto de las nuevas tecnologías en el derecho urbanístico y la propiedad horizontal" /cJonathan A. Linovich.  cCiudad Autónoma de Buenos Aires :aThomson Reuters La Ley, b2025. ap. 62-68 aCita: TR LALEY AR/DOC/2429/2025 Publicado en: RCCyC 2025 (Octubre). aSumario: I. Firma digital.— II. Herramientas digitales de geolocalización.  t¿Te interesa el texto completo? Solicitalo al correo: koha@justierradelfuego.gov.ar 091497aCODIGO CIVIL Y COMERCIAL 094023aNUEVAS TECNOLOGIAS DE INFORMACION 09282aFIRMA DIGITAL 092309aPROPIEDAD HORIZONTAL 092324aPRESCRIPCIÓN ADQUISITIVA 0aURBANISMO0 0271393170dCiudad Autónoma de Buenos Aires : Thomson Reuters La Ley, 2015-tRevista Código Civil y Comercial. Nº 5 - Octubre 2025 2udccANA